000 01251nas a2200457 4500
001 BR0503107
003 BR-BrBNA
005 20231205105444.0
007 ta
008 230509b bl.|||p| |||| 00| 00por d
040 _aBR-BrBNA
_bpor
_cBiblioteca Nacional de Agricultura
041 _a(Pt)
072 _aF61; F04
100 1 _aParry, M.M.
100 1 _aCarvalho, J.G. de
100 1 _aKato, M. do S.A.
100 1 _aVielhauer, K.
245 1 _aEstado nutricional do arroz cultivado em diferentes épocas e adubações sob cobertura morta
650 _aARROZ
650 _aORYZA SATIVA
650 _aADUBAÇÃO
650 _aFERTILIDADE DO SOLO
650 _aÉPOCA DE PLANTIO
650 _aCOBERTURA MORTA
650 _aPALHADA
650 _aNITROGÊNIO
650 _aFÓSFORO
650 _aCÁLCIO
650 _aBORO
650 _aCOBRE
650 _aPOTÁSSIO
650 _aMANGANÊS
650 _aMAGNÉSIO
650 _aENXÔFRE
650 _aFERRO
650 _aZINCO
650 _aPARÁ
773 0 _tRevista Brasileira de Engenharia Agrícola e Ambiental (Brazil)
_xISSN 1415-4366
_g(Jan-Mar 2005), v. 9(1) p. 57-65
_wBR0503107
909 _a202311
_bLúcia
_c55
_dLúcia Elande
942 _2AGRIS
_n0
_cANA
999 _c183056
_d183056